01917nam a22003017a 4500999001700000003000900017008004100026040007100067082002300138110004000161245004500201260003000246300004600276440010500322505071100427650002601138650003701164650003101201650003701232650002401269700003401293700003401327700003001361942001201391945000801403952010001411952010401511 c21806d21806AR-CdUCM190425b ||||| |||| 00| 0 spa d aMUNICIPALIDAD PROVINCIAL DEL CUSCOcBIBLIOTECA MUNICIPAL DEL CUSCO aRev.Allp/N°5/1973 aInstituto de Pastoral Andina912766 aAllpanchis Phuturinqa :bRevista Anual / aCusco :bUniverso,c1973. a216 páginas. :bilustraciones ;c20 cm. aRevista del Instituto de Pastoral Andina CusconAño [ ], [ ] semestre de 1973, N°5. Vol. V946182 aContenido: Organización social andina. -- El uso de término étnicos. Pierre Van den Berghe. -- El trato social entre los Aymaras. Domingo Llanque. -- El Jilakata. I.N.D.I.C.E.P. -- La viuda y el hijo del Soq'a Machu. Jorge Flores O. -- La población de San Jerónimo. Pierre Van den Berghe. -- Abigeato. Benjamín Sebastián Orlove C. -- Explicando la exogamia andina. Ralph Bolton. -- Reciprocidad y la economía del mercado. Antoinette Fioravanti. -- Reforma agraria y sistema de cargos. David Gow. -- Reflexión teológico pastoral. -- Interpretaciones populares de espíritu santo. Betsy Wisley. -- El compadrazgo. Rodrigo Sánchez Arjona. -- Orientaciones para una Pastoral Popular. aCultura andina946160 aAntropología cusqueña945862 aReligiosidad andina944127 aConstumbres y tradiciones946161 aRitos andinos96634 aLlanque Chana, Domingo946163 aVan den Berghe, Pierre946183 aFlores Ochoa, Jorge92915 2ddccPP arac 002ddc4070aHEMbHEMcCARTd2021-08-13g10.00oRev.Allp/N°5/1973pREVC000275r2021-08-13yPP 002ddc4070aHEMbHEMcCARTd2021-08-13g10.00oRev.Allp/N°5/1973/e.2pREVC000276r2021-08-13yPP